Statistics for JR東海の駅乗降客数ランキングWORST50

Click here to take the quiz!

General Stats

  • This quiz has been taken 71 times
  • The average score is 16 of 50

Answer Stats

都道府県乗降客数駅名% Correct
25静岡県9小和田
88%
9長野県3中井侍
75%
4長野県2為栗
70%
44静岡県20大嵐
63%
4長野県2田本
60%
4長野県2金野
56%
14長野県5千代
56%
36静岡県14佐久間
49%
1静岡県0出馬
46%
30三重県12伊勢鎌倉
39%
34静岡県13相月
37%
4長野県2伊那小沢
37%
25静岡県9向市場
35%
22三重県8比津
35%
22長野県8門島
35%
29岐阜県11坂上
35%
27長野県10唐笠
35%
46岐阜県21角川
35%
16岐阜県6
33%
27岐阜県10打保
33%
17三重県7伊勢八知
30%
49三重県23波田須
30%
22岐阜県8禅昌寺
28%
17三重県7大曽根浦
26%
39岐阜県15上枝
26%
2愛知県1柿平
26%
49岐阜県23飛騨細江
25%
30三重県12伊勢竹原
25%
9愛知県3池場
25%
2岐阜県1杉原
25%
39静岡県15城西
23%
12静岡県4早瀬
23%
41長野県16日出塩
23%
43静岡県18上市場
21%
17三重県7大泊
21%
44山梨県20寄畑
21%
12山梨県4甲斐大島
19%
34三重県13伊勢大井
19%
17山梨県7市ノ瀬
19%
42静岡県17稲子
19%
48長野県22十二兼
18%
46愛知県21三河槙原
16%
30静岡県12沼久保
16%
30静岡県12下川合
16%
36三重県14伊勢川口
16%
17三重県7上ノ庄
16%
4三重県2井関
14%
14山梨県5塩之沢
12%
36三重県14関ノ宮
12%
9長野県3鴬巣
5%

Score Distribution

Percentile by Number Answered

Percent of People with Each Score

Your Score History

You have not taken this quiz